| 000 | 00512nam a2200169 i 4500 | ||
|---|---|---|---|
| 001 | 31966 | ||
| 003 | ES-MaACL | ||
| 005 | 20230906154501.0 | ||
| 007 | t| | ||
| 008 | 030130s1971 sp ||||1| spa d | ||
| 100 | 1 |
_aBernardini, Giorgio. _928283 |
|
| 245 | 1 | 0 |
_a100 contra uno _b: historia de la guerra ruso-finlandesa (1939-1941) / _cJorge Bernardini. |
| 260 |
_aBarcelona : _bDe Vecchi, _c1971. |
||
| 300 |
_a208 p., 16 lám. ; _c21 cm. |
||
| 740 | 0 | _aCien contra uno. | |
| 852 |
_aES-MaACL _jC-42386 _bR.80498 |
||
| 999 |
_c31966 _d31966 |
||